Catálogo descriptivo de los sellos de correos y telégrafos emitidos desde 1840 a enero de 1898 : (Record no. 184972)
[ view plain ]
| 000 -LEADER | |
|---|---|
| campo de control de longitud fija | 01053nam a2200229 i 4500 |
| 001 - NÚMERO DE CONTROL | |
| campo de control | 184972 |
| 003 - IDENTIFICADOR DE NÚMERO DE CONTROL | |
| campo de control | ES-MaACL |
| 005 - FECHA Y HORA DE LA ÚLTIMA TRANSACCIÓN | |
| campo de control | 20251013063142.0 |
| 008 - DATOS DE LONGITUD FIJA--INFORMACIÓN GENERAL | |
| campo de control de longitud fija | 160301s1898 sp |||| | spa d |
| 080 ## - NÚMERO DE LA CLASIFICACIÓN DECIMAL UNIVERSAL | |
| Número de la Clasificación Decimal Universal | 656.835.11(460)(085.2) |
| 100 1# - ENTRADA PRINCIPAL--NOMBRE DE PERSONA | |
| Nombre de persona | Gálvez Jiménez, Miguel, |
| Fechas asociadas al nombre | n. 1864 |
| 9 (RLIN) | 158904 |
| 245 10 - MENCIÓN DEL TÍTULO | |
| Título | Catálogo descriptivo de los sellos de correos y telégrafos emitidos desde 1840 a enero de 1898 : |
| Resto del título | precios corrientes a que se pueden adquirir en el establecimiento filatélico de Miguel Gálvez Jiménez, sucesor de López. |
| 250 ## - MENCION DE EDICION | |
| Mención de edición | 1ª ed. del Universal y 6ª de España y sus colonias. |
| 260 ## - PUBLICACIÓN, DISTRIBUCIÓN, ETC. | |
| Lugar de publicación, distribución, etc. | [S.l. : |
| Nombre del editor, distribuidor, etc. | s.n.], |
| Fecha de publicación, distribución, etc. | 1898 ( |
| Lugar de fabricación/manufactura | Madrid : |
| Fabricante | Imp. de los hijos de M.G. Hernández) |
| 300 ## - DESCRIPCIÓN FÍSICA | |
| Extensión | 780 p. : |
| Otras características físicas | il. ; |
| Dimensiones | 18 cm. |
| 530 ## - NOTA DISPONIBLE DE FORMULARIO FÍSICO ADICIONAL | |
| Nota de formato físico adicional disponible | Disponible en formato digital. |
| 650 ## - PUNTO DE ACCESO ADICIONAL DE MATERIA--TÉRMINO DE MATERIA | |
| Término de materia o nombre geográfico como elemento de entrada | Sellos de correos- |
| Subdivisión geográfica | España. |
| 9 (RLIN) | 171984 |
| 650 ## - PUNTO DE ACCESO ADICIONAL DE MATERIA--TÉRMINO DE MATERIA | |
| Término de materia o nombre geográfico como elemento de entrada | Sellos de correos- |
| Subdivisión de forma | Catálogos. |
| 9 (RLIN) | 17032 |
| 852 ## - LOCALIZACIÓN | |
| Ubicación | ES-MaACL |
| Número de control de estantería | G-13974 |
| 856 ## - LOCALIZACIÓN Y ACCESO ELECTRÓNICOS | |
| Identificador Uniforme de Recursos | <a href="http://bdh-rd.bne.es/viewer.vm?id=0000012241&page=1 ">http://bdh-rd.bne.es/viewer.vm?id=0000012241&page=1 </a> |
| Nota pública | Biblioteca Digital Hispánica |
| Estatus retirado | Estado de pérdida | Estado de daño | No para préstamo | Colección | Biblioteca de origen | Biblioteca actual | Ubicación en estantería | Fecha de adquisición | Fuente de adquisición | Total de préstamos | Signatura topográfica completa | Código de barras | Visto por última vez | Precio de reemplazo | Tipo de ítem Koha |
|---|---|---|---|---|---|---|---|---|---|---|---|---|---|---|---|
| Colección digital | Biblioteca del Ateneo de Madrid | Biblioteca del Ateneo de Madrid | Sala Pecera Planta 3 | 01/03/2016 | G-13974 | 1194825 | 23/02/2023 | 23/02/2023 | Libro impreso antiguo |
